| 000 | 00950cab a2200277 4500 | ||
|---|---|---|---|
| 001 | ABS59910 | ||
| 008 | 090401t1999 xxu||||| |||| 00| 0 eng d | ||
| 035 | _a(Sirsi) u91137 | ||
| 041 | _aeng | ||
| 100 | _aTurrent, D. | ||
| 245 | _aSquaring the circle | ||
| 260 | _c1999 | ||
| 350 | _a0 | ||
| 490 |
_aArchitects` Journal _v209(5) 4 February 1999, 25-33(9) |
||
| 520 | _aA building study of new student accommodation at St Giles Buildings, Buckinghamshire Chilterns University College. Includes a cost analysis and cost summary, and working details of a semi-circular bay window. | ||
| 650 | _aBUCKINGHAMSHIRE CHILTERNS UNIVERSITY COLLEGE | ||
| 650 | _aBUILT ENVIRONMENT-BUILDING COSTS | ||
| 650 | _aCOST ANALYSIS | ||
| 650 | _aSTUDENT ACCOMMODATION | ||
| 650 | _aUNIVERSITY BUILDINGS | ||
| 650 | _aWORKING DETAILS | ||
| 690 | _aBUILDING AND CONSTRUCTION-PROJECTS | ||
| 700 | _aSullivan, L. | ||
| 942 | _n0 | ||
| 948 | _c05/02/1999 | ||
| 999 |
_c57834 _d57834 |
||